<?xml version="1.0" encoding="UTF-8"?>
<record
    xmlns:xsi="http://www.w3.org/2001/XMLSchema-instance"
    xsi:schemaLocation="http://www.loc.gov/MARC21/slim http://www.loc.gov/standards/marcxml/schema/MARC21slim.xsd"
    xmlns="http://www.loc.gov/MARC21/slim">

  <leader>00657cas a2200217 a 4500</leader>
  <datafield tag="020" ind1=" " ind2=" ">
    <subfield code="a">9780307944689</subfield>
  </datafield>
  <datafield tag="040" ind1=" " ind2=" ">
    <subfield code="d">DLC</subfield>
  </datafield>
  <datafield tag="082" ind1="1" ind2="0">
    <subfield code="a">428.0076</subfield>
    <subfield code="2">14</subfield>
  </datafield>
  <datafield tag="245" ind1="0" ind2="0">
    <subfield code="a">Cracking the TOEFL iBT </subfield>
    <subfield code="c">Douglas Pierce, Sean Kinsell</subfield>
  </datafield>
  <datafield tag="250" ind1=" " ind2=" ">
    <subfield code="a">13th ed.</subfield>
  </datafield>
  <datafield tag="260" ind1=" " ind2=" ">
    <subfield code="a">New York, NY :</subfield>
    <subfield code="b">Random House</subfield>
    <subfield code="c">2012</subfield>
  </datafield>
  <datafield tag="300" ind1=" " ind2=" ">
    <subfield code="a">v. :</subfield>
    <subfield code="b">ill. ;</subfield>
    <subfield code="c">28 cm.</subfield>
  </datafield>
  <datafield tag="500" ind1=" " ind2=" ">
    <subfield code="a">Accompanied by an audio CD.</subfield>
  </datafield>
  <datafield tag="650" ind1=" " ind2="0">
    <subfield code="a">Test of English as a Foreign Language</subfield>
    <subfield code="v">Study guides</subfield>
  </datafield>
  <datafield tag="650" ind1=" " ind2="0">
    <subfield code="a">English language</subfield>
    <subfield code="v">Textbooks for foreign speakers</subfield>
  </datafield>
  <datafield tag="650" ind1=" " ind2="0">
    <subfield code="a">English language</subfield>
    <subfield code="x">Examinations</subfield>
  </datafield>
  <datafield tag="710" ind1="2" ind2=" ">
    <subfield code="a">Princeton Review (Firm)</subfield>
  </datafield>
  <datafield tag="942" ind1=" " ind2=" ">
    <subfield code="2">ddc</subfield>
    <subfield code="c">BK</subfield>
  </datafield>
  <datafield tag="999" ind1=" " ind2=" ">
    <subfield code="c">11388</subfield>
    <subfield code="d">11388</subfield>
  </datafield>
  <datafield tag="952" ind1=" " ind2=" ">
    <subfield code="0">0</subfield>
    <subfield code="1">0</subfield>
    <subfield code="4">0</subfield>
    <subfield code="7">0</subfield>
    <subfield code="8">NFIC</subfield>
    <subfield code="a">CL</subfield>
    <subfield code="b">CL</subfield>
    <subfield code="c">GEN</subfield>
    <subfield code="d">2012-10-31</subfield>
    <subfield code="e">Saeed Book Bank</subfield>
    <subfield code="g">1865.75</subfield>
    <subfield code="l">10</subfield>
    <subfield code="m">1</subfield>
    <subfield code="o">428.0076 PIE</subfield>
    <subfield code="p">SEECS011577</subfield>
    <subfield code="r">2023-02-25</subfield>
    <subfield code="s">2023-01-16</subfield>
    <subfield code="w">2012-12-18</subfield>
    <subfield code="y">BK</subfield>
  </datafield>
  <datafield tag="952" ind1=" " ind2=" ">
    <subfield code="0">0</subfield>
    <subfield code="1">0</subfield>
    <subfield code="4">0</subfield>
    <subfield code="7">0</subfield>
    <subfield code="8">NFIC</subfield>
    <subfield code="a">CL</subfield>
    <subfield code="b">CL</subfield>
    <subfield code="c">GEN</subfield>
    <subfield code="d">2012-10-31</subfield>
    <subfield code="e">Saeed Book Bank</subfield>
    <subfield code="g">1865.75</subfield>
    <subfield code="l">12</subfield>
    <subfield code="m">1</subfield>
    <subfield code="o">428.0076 PIE</subfield>
    <subfield code="p">SEECS011578</subfield>
    <subfield code="r">2024-02-25</subfield>
    <subfield code="s">2023-11-03</subfield>
    <subfield code="w">2012-12-18</subfield>
    <subfield code="y">BK</subfield>
  </datafield>
  <datafield tag="952" ind1=" " ind2=" ">
    <subfield code="0">0</subfield>
    <subfield code="1">0</subfield>
    <subfield code="4">0</subfield>
    <subfield code="7">0</subfield>
    <subfield code="8">NFIC</subfield>
    <subfield code="a">CL</subfield>
    <subfield code="b">CL</subfield>
    <subfield code="c">GEN</subfield>
    <subfield code="d">2012-10-31</subfield>
    <subfield code="e">Saeed Book Bank</subfield>
    <subfield code="g">1865.75</subfield>
    <subfield code="l">9</subfield>
    <subfield code="m">5</subfield>
    <subfield code="o">428.0076 PIE</subfield>
    <subfield code="p">SEECS011579</subfield>
    <subfield code="r">2024-09-05</subfield>
    <subfield code="s">2022-09-19</subfield>
    <subfield code="w">2012-12-18</subfield>
    <subfield code="y">BK</subfield>
  </datafield>
  <datafield tag="952" ind1=" " ind2=" ">
    <subfield code="0">0</subfield>
    <subfield code="1">0</subfield>
    <subfield code="4">0</subfield>
    <subfield code="7">0</subfield>
    <subfield code="8">NFIC</subfield>
    <subfield code="a">CL</subfield>
    <subfield code="b">CL</subfield>
    <subfield code="c">GEN</subfield>
    <subfield code="d">2012-10-31</subfield>
    <subfield code="e">Saeed Book Bank</subfield>
    <subfield code="g">1865.75</subfield>
    <subfield code="l">5</subfield>
    <subfield code="m">1</subfield>
    <subfield code="o">428.0076 PIE</subfield>
    <subfield code="p">SEECS011580</subfield>
    <subfield code="r">2023-06-01</subfield>
    <subfield code="s">2022-10-20</subfield>
    <subfield code="w">2012-12-18</subfield>
    <subfield code="y">BK</subfield>
  </datafield>
  <datafield tag="952" ind1=" " ind2=" ">
    <subfield code="0">0</subfield>
    <subfield code="1">0</subfield>
    <subfield code="4">0</subfield>
    <subfield code="7">0</subfield>
    <subfield code="8">NFIC</subfield>
    <subfield code="a">CL</subfield>
    <subfield code="b">CL</subfield>
    <subfield code="c">GEN</subfield>
    <subfield code="d">2012-10-31</subfield>
    <subfield code="e">Saeed Book Bank</subfield>
    <subfield code="g">1865.75</subfield>
    <subfield code="l">11</subfield>
    <subfield code="m">3</subfield>
    <subfield code="o">428.0076 PIE</subfield>
    <subfield code="p">SEECS011581</subfield>
    <subfield code="r">2025-09-20</subfield>
    <subfield code="s">2024-03-29</subfield>
    <subfield code="w">2012-12-18</subfield>
    <subfield code="y">BK</subfield>
  </datafield>
  <datafield tag="952" ind1=" " ind2=" ">
    <subfield code="0">0</subfield>
    <subfield code="1">0</subfield>
    <subfield code="4">0</subfield>
    <subfield code="7">0</subfield>
    <subfield code="8">NFIC</subfield>
    <subfield code="a">CL</subfield>
    <subfield code="b">CL</subfield>
    <subfield code="c">GEN</subfield>
    <subfield code="d">2012-10-31</subfield>
    <subfield code="e">Saeed Book Bank</subfield>
    <subfield code="g">1865.75</subfield>
    <subfield code="l">10</subfield>
    <subfield code="m">2</subfield>
    <subfield code="o">428.0076 PIE</subfield>
    <subfield code="p">SEECS011582</subfield>
    <subfield code="q">2023-01-01</subfield>
    <subfield code="r">2022-12-02</subfield>
    <subfield code="s">2022-12-02</subfield>
    <subfield code="w">2012-12-18</subfield>
    <subfield code="y">BK</subfield>
  </datafield>
  <datafield tag="952" ind1=" " ind2=" ">
    <subfield code="0">0</subfield>
    <subfield code="1">0</subfield>
    <subfield code="4">0</subfield>
    <subfield code="7">0</subfield>
    <subfield code="8">NFIC</subfield>
    <subfield code="a">CL</subfield>
    <subfield code="b">CL</subfield>
    <subfield code="c">GEN</subfield>
    <subfield code="d">2012-10-31</subfield>
    <subfield code="e">Saeed Book Bank</subfield>
    <subfield code="g">1865.75</subfield>
    <subfield code="l">8</subfield>
    <subfield code="m">2</subfield>
    <subfield code="o">428.0076 PIE</subfield>
    <subfield code="p">SEECS011584</subfield>
    <subfield code="r">2023-09-13</subfield>
    <subfield code="s">2019-12-29</subfield>
    <subfield code="w">2012-12-18</subfield>
    <subfield code="y">BK</subfield>
  </datafield>
  <datafield tag="952" ind1=" " ind2=" ">
    <subfield code="0">0</subfield>
    <subfield code="1">0</subfield>
    <subfield code="4">0</subfield>
    <subfield code="7">0</subfield>
    <subfield code="8">NFIC</subfield>
    <subfield code="a">CL</subfield>
    <subfield code="b">CL</subfield>
    <subfield code="c">GEN</subfield>
    <subfield code="d">2012-10-31</subfield>
    <subfield code="e">Saeed Book Bank</subfield>
    <subfield code="g">1865.75</subfield>
    <subfield code="l">10</subfield>
    <subfield code="m">8</subfield>
    <subfield code="o">428.0076 PIE</subfield>
    <subfield code="p">SEECS011585</subfield>
    <subfield code="q">2024-06-07</subfield>
    <subfield code="r">2023-06-19</subfield>
    <subfield code="s">2023-01-13</subfield>
    <subfield code="w">2012-12-18</subfield>
    <subfield code="y">BK</subfield>
  </datafield>
  <datafield tag="952" ind1=" " ind2=" ">
    <subfield code="0">0</subfield>
    <subfield code="1">0</subfield>
    <subfield code="4">0</subfield>
    <subfield code="7">0</subfield>
    <subfield code="8">NFIC</subfield>
    <subfield code="a">CL</subfield>
    <subfield code="b">CL</subfield>
    <subfield code="c">GEN</subfield>
    <subfield code="d">2012-10-31</subfield>
    <subfield code="e">Saeed Book Bank</subfield>
    <subfield code="g">1865.75</subfield>
    <subfield code="l">13</subfield>
    <subfield code="m">9</subfield>
    <subfield code="o">428.0076 PIE</subfield>
    <subfield code="p">SEECS011586</subfield>
    <subfield code="q">2026-03-22</subfield>
    <subfield code="r">2025-05-30</subfield>
    <subfield code="s">2025-05-30</subfield>
    <subfield code="w">2012-12-18</subfield>
    <subfield code="y">BK</subfield>
  </datafield>
</record>
